00970nac a22002291u 4500010001600000020003300016082002100049090001500070100003400085245005500119260004300174300003200217490003100249504006400280650004400344650004600388830005000434856008900484942002300573999001500596952012900611 a 93025572 a0824789636 (acid-free paper)00a620.110287bS752 c3822d3822 aSpeyer, Robert F., 10aThermal analysis of materials /cRobert F. Speyer. aNew York :bMarcel Dekker,1994cc1994. ax, 285 p. :bill. ;c23 cm.1 aMaterials engineering ;v5 aIncludes bibliographical references (p. 273-278) and index. 0aMaterialsxThermal propertiesxTesting. 0aThermal analysisxEquipment and supplies. 0aMaterials engineering (Marcel Dekker, Inc.) ;423Publisher descriptionuhttp://www.loc.gov/catdir/enhancements/fy0647/93025572-d.html cBBk620.110287S752 c3822d3822 00102ddc4070aMAINbMAINc1STd2007-07-08ePurchasel1m3o620.110287 SPEp000030336r2025-07-15 00:00:00s2009-11-01yBB